000 00362nam a2200157Ia 4500
005 20250603145306.0
008 250603s9999 xx 000 0 und d
020 _a978405829540
050 _aPE 1628 .L576/
245 0 _aLongman advanced American dictionary
260 _aHarlow
260 _b Longman
300 _a863 p
650 _aHarlow
942 _cBK
999 _c41431
_d41431